00394nam a2200181Ia 4500003000900000008004100009040001300050040001300063041000800076100002100084245004000105250001400145260001500159260000900174300001100183300001200194490000600206IT-RoPAU120407s9999 xx 000 0 und d aIT-RoPAU cIT-RoPAU afra aPhilippe Malrieu aLa construction de l’immaginaire. aBruxelles aC. Dessart c1967 a248 p. c18,5 cm v1